000 00638nam a2200229 i 4500
001 C2-0216348
003 PPAK
005 20180728105022.0
008 990519s1988 my |||| ||||| | may d
020 _a9679998355
040 _aPPAK
_beng
_cPPAK
_erda
082 0 4 _a297.7
_2 23
090 0 0 _a297.7
_bMUS
_dKSA
100 1 _aMuslehuddin, Mohammad,
_eauthor
245 1 0 _aBentuk dan ciri-ciri pendidikan Islam
264 1 _aPetaling Jaya, Selangor :
_bSyarikat Ali Imran ,
_c1988
300 _a60 pages ;
_c22 cm
336 _2rdacontent
_atext
337 _2rdamedia
_aunmediated
338 _2rdacarrier
_avolume
942 _ddc
_cB
999 _c159997
_d159997